Statistics for Cities in their Language

Click here to take the quiz!

General Stats

  • This quiz has been taken 136 times
  • The average score is 6 of 12

Answer Stats

EnglishOfficial Language% Correct
ViennaWien
95%
MunichMünchen/Minga/Monachium
93%
CologneKöln/Kölle
90%
LisbonLisboa
85%
Mexico CityCiudad de México/CDMX/Āltepētl Mēxihco
51%
BelgradeBeograd
50%
HavanaLa Habana
47%
BangkokKrung Thep Maha Nakhon
34%
NicosiaLefkoşa/Lefkosia
30%
LuxembourgLëtzebuerg
24%
BakuBakı
20%
JerusalemYerushaláyim/al-Quds
17%

Score Distribution

Percentile by Number Answered

Percent of People with Each Score

Your Score History

You have not taken this quiz